<?xml version="1.0" encoding="UTF-8"?>
<collection xmlns="http://www.loc.gov/MARC21/slim">
 <record>
  <leader>00831nam a2200157Ia 4500</leader>
  <controlfield tag="001">TDMU_33190</controlfield>
  <controlfield tag="008">210410s9999    xx            000 0 und d</controlfield>
  <datafield tag="082" ind1=" " ind2=" ">
   <subfield code="a">540.76</subfield>
  </datafield>
  <datafield tag="090" ind1=" " ind2=" ">
   <subfield code="b">B206</subfield>
  </datafield>
  <datafield tag="100" ind1=" " ind2=" ">
   <subfield code="a">Bergman, Michael Ian</subfield>
  </datafield>
  <datafield tag="245" ind1=" " ind2="0">
   <subfield code="a">Graduate survival guide</subfield>
  </datafield>
  <datafield tag="245" ind1=" " ind2="0">
   <subfield code="c">created by Michael Bergman ; designed by Carlyn Ross</subfield>
  </datafield>
  <datafield tag="300" ind1=" " ind2=" ">
   <subfield code="a">197 pages</subfield>
  </datafield>
  <datafield tag="650" ind1=" " ind2=" ">
   <subfield code="a">College graduates</subfield>
   <subfield code="z">United States</subfield>
   <subfield code="v">Life skills guides.; Life skills</subfield>
   <subfield code="z">United States</subfield>
   <subfield code="v">Handbooks, manuals, etc.; School-to-work transition</subfield>
   <subfield code="z">United States; College graduates.; Life skills.; School-to-work transition.; Kĩ năng sống</subfield>
   <subfield code="v">Sổ tay; Đời sống sinh viên</subfield>
   <subfield code="x">Kĩ năng sống</subfield>
   <subfield code="z">Mỹ; Handbooks and manuals.</subfield>
  </datafield>
  <datafield tag="856" ind1=" " ind2=" ">
   <subfield code="u">http://lrc.tdmu.edu.vn/opac/search/detail.asp?aID=2&amp;ID=33190</subfield>
  </datafield>
  <datafield tag="980" ind1=" " ind2=" ">
   <subfield code="a">Trung tâm Học liệu Trường Đại học Thủ Dầu Một</subfield>
  </datafield>
 </record>
</collection>
